'Buffy' Episodes by Any 3 Letters Quiz Stats

 Plays Quiz Updated Jul 21, 2015

Score 0/144 Timer 06:00
17 Plays Today
% Correct
Welcome to the Hellmouth
98.6%
Bewitched, Bothered and Bewildered
98.5%
Never Kill a Boy on the First Date
97.9%
Where the Wild Things Are
97.7%
The Harsh Light of Day
97.6%
Bring on the Night
97.3%
The Prom
97.2%
The Harvest
97.2%
The Puppet Show
97.2%
The Replacement
97.1%
Wild at Heart
97.1%
The Freshman
97%
The I in Team
96.9%
The Killer in Me
96.4%
Beauty and the Beasts
96.4%
The Pack
96.3%
The Gift
96.1%
The Body
95.9%
The Dark Age
95.8%
The Yoko Factor
95.8%
The Initiative
95.8%
The Wish
95.7%
The Weight of the World
95.7%
Into the Woods
95.7%
The Zeppo
95.4%
All the Way
95.1%
Conversations with Dead People
93.1%
Doppelgangland
93%
Once More, with Feeling
92.8%
Graduation Day (Part 1)
91.8%
Becoming (Part 1)
91.1%
Graduation Day (Part 2)
90.9%
Becoming (Part 2)
90.7%
Faith, Hope & Trick
89.8%
When She Was Bad
89.4%
Bargaining (Part 1)
88.8%
I Was Made to Love You
88.3%
Dead Man's Party
88.2%
Bargaining (Part 2)
88%
What's My Line (Part 1)
87.3%
Dead Things
87.2%
What's My Line (Part 2)
87.2%
Lies My Parents Told Me
86.7%
This Year's Girl
85.7%
I Only Have Eyes for You
85.4%
Something Blue
85%
Killed by Death
84.8%
Band Candy
84.4%
% Correct
Bad Girls
84.2%
Prophecy Girl
83.7%
Older and Far Away
83.1%
Buffy vs. Dracula
83%
Living Conditions
82.9%
Nightmares
82.8%
Teacher's Pet
82.2%
Listening to Fear
81.8%
Who Are You
81.8%
I, Robot... You, Jane
81.7%
Triangle
81.4%
Fool for Love
81%
Inca Mummy Girl
80.2%
Homecoming
80.1%
Some Assembly Required
79.9%
School Hard
79.7%
Beneath You
79.6%
Seeing Red
79.4%
Gingerbread
79%
Pangs
78.6%
New Moon Rising
78.6%
Helpless
78.4%
Angel
77.4%
Witch
76.9%
Dirty Girls
76.1%
Beer Bad
76.1%
Lovers Walk
75.9%
Out of Mind, Out of Sight
75.2%
As You Were
75%
Intervention
74.6%
Bad Eggs
74.1%
Amends
73.5%
Smashed
73.3%
Tough Love
73.1%
Hell's Bells
72.4%
Forever
71.6%
A New Man
71.3%
Restless
71.2%
End of Days
71.2%
Halloween
70.7%
Reptile Boy
70.2%
Same Time, Same Place
69%
Fear, Itself
68.8%
Earshot
67.6%
No Place Like Home
67.4%
Out of My Mind
67.2%
Passion
67.1%
Chosen
66.9%
% Correct
Choices
66%
Help
65.9%
Gone
65.8%
Revelations
65.6%
Lessons
65.1%
Grave
64.7%
Showtime
64.1%
Selfless
63%
Lie to Me
61.9%
Consequences
61.7%
Get It Done
61.7%
Checkpoint
61.2%
Anne
61.1%
After Life
61.1%
Never Leave Me
60.6%
Superstar
60.5%
Goodbye Iowa
60.4%
Potential
59.7%
Doublemeat Palace
59.6%
Surprise
59.5%
Two to Go
59.1%
Life Serial
58.1%
Villains
56.8%
Tabula Rasa
56%
Touched
55.9%
Innocence
55.6%
Ted
55.5%
Storyteller
55.4%
Hush
55.3%
Go Fish
55.1%
Spiral
53.7%
Primeval
53.2%
Empty Places
52.9%
Blood Ties
51%
Flooded
50.8%
Wrecked
50.8%
Doomed
50.6%
First Date
49.9%
Entropy
49.8%
Real Me
49.2%
Phases
47.7%
Normal Again
46.6%
Him
46.2%
Shadow
44.4%
Enemies
42.7%
Sleeper
40.8%
Family
40.7%
Crush
39.6%

You're not logged in!

Compare scores with friends on all Sporcle quizzes.
OR
Log In

Sporcle TV

Today on Sporcle TV


Watch our educational content, quiz creation guides, and fun videos on Sporcle TV.

Show Comments

Extras

Top Quizzes Today


Score Distribution

Your Account Isn't Verified!

In order to create a playlist on Sporcle, you need to verify the email address you used during registration. Go to your Sporcle Settings to finish the process.

Report this User

Report this user for behavior that violates our Community Guidelines.

Details: